| 000 | 00749nam a2200193Ii 4500 | ||
|---|---|---|---|
| 003 | JO-AjNU | ||
| 008 | 230605s9999||||xx |||||||||||||| ||und|| | ||
| 040 |
_aJO-AjNU _bara _erda _cJO-AjNU |
||
| 041 | _aara | ||
| 050 | 1 | 4 | _aHF5721.B3722 1985 |
| 100 | 3 |
_aتاليف: البشبيشي،احمد طلعت, _eauthor _910130 |
|
| 245 | 0 | 0 | _aالمراسلات والمحادثة للتجارة والسياحة والفنادق |
| 264 | 3 | 1 | _aالاسكندرية: دار المعرفة الجامعية،1985 |
| 300 | _a173ص باللغتين العربية والانجليزية | ||
| 336 |
_atext _btxt _2rdacontent |
||
| 337 |
_aunmediated _bn _2rdamedia |
||
| 338 |
_avolume _bnc _2rdacarrier |
||
| 650 | 4 |
_aالمراسلات التجارية _910131 |
|
| 999 |
_aA1651 _c5219 _d5219 |
||